Normal view
MARC view
- Reshaping economic geography
Entry Personal Name
001 - CONTROL NUMBER
- control field: 19982
003 - CONTROL NUMBER IDENTIFIER
- control field: NUST
005 - DATE AND TIME OF LATEST TRANSACTION
- control field: 20190905065121.0
008 - FIXED-LENGTH DATA ELEMENTS
- fixed length control field: 190905|| aca||aabn | a|a d
040 ## - CATALOGING SOURCE
- Original cataloging agency: NUST
- Transcribing agency: NUST
100 ## - HEADING--PERSONAL NAME
- Personal name: Reshaping economic geography
670 ## - SOURCE DATA FOUND
- Source citation: Work cat.: (NUST)0: Reshaping economic geography, Reshaping economic geography , c2009.
